Trouve la série grâce à son personnage principal ! - Statistiques

Statistiques générales
  • Ce quiz a été pris 84 fois
  • Le résultat moyen est 9 sur 20
Statistiques - réponses
Hint Réponse % Correct
Onze Stranger Things
85%
Michael Scofield Prison Break
84%
Walter White Breaking Bad
81%
Seong Gi-hun Squid Game
78%
Daenerys Targaryen Game Of Thrones
65%
John B. Routledge Outer Banks
54%
Serena van der Woodsen Gossip Girl
49%
Elena Gilbert The Vampire Diaries
49%
Rory Gilmore Gilmore Girls
47%
Susan Mayer Desperate Housewives
45%
Rick Grimes The Walking Dead
45%
Clarke Griffin The 100
41%
Michael Scott The Office
35%
Klaus Mikaelson The Originals
35%
Belly Conklin The Summer I Turned Pretty
22%
Ryohei Arisu Alice in Borderland
19%
Ruby Bell Maxton Hall
19%
Michaela Stone Manifest
16%
Charlie Spring Heartstopper
14%
Pippa Fitz-Amobi Meurtre Mode d'Emploi
7%
Aucun quiz correspondant
Distribution des résultats
% des personnes avec chaque résultat
Percentile par nombre de réponses
Votre historique - résultats
Vous n’avez pas pris ce quiz